LEADER 01075nam--2200337---450- 001 990001340870203316 005 20040112173101.0 035 $a000134087 035 $aUSA01000134087 035 $a(ALEPH)000134087USA01 035 $a000134087 100 $a20040112d1967----km-y0itay0103----ba 101 0 $aita 102 $aIT 105 $a||||||||001yy 200 1 $aRelazione del Consiglio di Amministrazione alle assemblee generali per gli esercizi dal 1945 al 1965$fBanca Commerciale Italiana 210 $aMilano$bCapriolo$d1967 215 $aVI, 345 p.$cill.$d30 cm 410 0$12001 454 1$12001 461 1$1001-------$12001 710 02$aBANCA COMMERCIALE ITALIANA$0375079 801 0$aIT$bsalbc$gISBD 912 $a990001340870203316 951 $aIII G 177$b30967 L.M.$cIII G 959 $aBK 969 $aUMA 979 $aSIAV1$b10$c20040112$lUSA01$h1731 979 $aPATRY$b90$c20040406$lUSA01$h1735 996 $aRelazione del Consiglio di Amministrazione alle assemblee generali per gli esercizi dal 1945 al 1965$9927496 997 $aUNISA LEADER 01417nam 2200373 a 450 001 9910701237003321 005 20111213090010.0 035 $a(CKB)5470000002416689 035 $a(OCoLC)768193219 035 $a(EXLCZ)995470000002416689 100 $a20111213d2011 ua 0 101 0 $aeng 135 $aurmn||||||||| 181 $ctxt$2rdacontent 182 $cc$2rdamedia 183 $acr$2rdacarrier 200 10$aElectronic government$b[electronic resource] $eperformance measures for projects aimed at promoting innovation and transparency can be improved : report to the Committee on Homeland Security and Governmental Affairs, U.S. Senate 210 1$a[Washington, D.C.] :$cU.S. Govt. Accountability Office,$d[2011] 215 $a1 online resource (ii, 96 pages) 300 $aTitle from PDF title screen (viewed Dec. 8, 2011). 300 $a"September 2011." 300 $a"GAO-11-775." 320 $aIncludes bibliographical references. 517 $aElectronic government 606 $aInternet in public administration$zUnited States 606 $aElectronic government information$xSecurity measures$zUnited States 615 0$aInternet in public administration 615 0$aElectronic government information$xSecurity measures 801 0$bGPO 801 1$bGPO 906 $aBOOK 912 $a9910701237003321 996 $aElectronic Government$9772425 997 $aUNINA